ভারতচন্দ্র-গ্রন্থাবলী / (Record no. 54311)
[ view plain ]
| 000 -LEADER | |
|---|---|
| fixed length control field | 01263nam a2200265 a 4500 |
| 001 - CONTROL NUMBER | |
| control field | 54311 |
| 003 - CONTROL NUMBER IDENTIFIER | |
| rucl marc code | BD-RjUL |
| 005 - DATE AND TIME OF LATEST TRANSACTION | |
| control field | 20211209080113.0 |
| 008 - FIXED-LENGTH DATA ELEMENTS--GENERAL INFORMATION | |
| fixed length control field | 161105s1962 ii ||||| |||| 00| 0 ben d |
| 020 ## - INTERNATIONAL STANDARD BOOK NUMBER | |
| Terms of availability | : IRs 10.00 |
| 035 ## - SYSTEM CONTROL NUMBER | |
| System control number | (BD-RjUL)54433 |
| 040 ## - CATALOGING SOURCE | |
| Original cataloging agency | BD-RjUL |
| Language of cataloging | ben |
| Transcribing agency | BD-RjUL |
| 041 ## - LANGUAGE CODE | |
| Language code of text/sound track or separate title | ben |
| 082 ## - DEWEY DECIMAL CLASSIFICATION NUMBER | |
| Edition number | 23 |
| Classification number | 891.44108 |
| Author mark and year | VAV 1962 |
| 100 ## - MAIN ENTRY--PERSONAL NAME | |
| Personal name | ভারতচন্দ্র |
| 9 (RLIN) | 118478 |
| 245 10 - TITLE STATEMENT | |
| Title | ভারতচন্দ্র-গ্রন্থাবলী / |
| Statement of responsibility, etc. | ভারতচন্দ্র ; সম্পাদক ব্রজেন্দ্রনাথ বন্দ্যোপ[আধ্যায়, সজনীকান্ত দাস |
| 250 ## - EDITION STATEMENT | |
| Edition statement | ৩য় সং. |
| 260 ## - PUBLICATION, DISTRIBUTION, ETC. (IMPRINT) | |
| Place of publication, distribution, etc. | কলিকাতা : |
| Name of publisher, distributor, etc. | বঙ্গীয়-সাহিত্য-পরিষৎ, |
| Date of publication, distribution, etc. | ১৯৬২ [১৩৬৯] |
| 300 ## - PHYSICAL DESCRIPTION | |
| Pagination | ৪৩৪ পৃ. ; |
| Size | ২৫ সেমি. |
| 650 ## - SUBJECT ADDED ENTRY--TOPICAL TERM | |
| Topical term or geographic name as entry element | বাংলা কবিতা |
| 9 (RLIN) | 122902 |
| Form subdivision | সংগ্রহ |
| Topical term or geographic name as entry element | Bengali Poetry |
| 9 (RLIN) | 122903 |
| Form subdivision | Collections |
| 700 ## - ADDED ENTRY--PERSONAL NAME | |
| Personal name | দাস, সজনীকান্ত, সম্পাদক |
| Personal name | বন্দ্যোপাধ্যায়, ব্রজেন্দ্রনাথ, সম্পাদক |
| 942 ## - ADDED ENTRY ELEMENTS (KOHA) | |
| Source of classification or shelving scheme | Dewey Decimal Classification |
| Koha item type | Books |
| Lost status | Source of classification or shelving scheme | Damaged status | Not for loan | Collection code | Permanent Location | Current Location | Shelving location | Date acquired | Source of acquisition | Total Checkouts | Full call number | Date last seen | Copy number | Koha item type |
|---|---|---|---|---|---|---|---|---|---|---|---|---|---|---|
| Dewey Decimal Classification | Non-fiction | Central Library, University of Rajshahi | Central Library, University of Rajshahi | 23/08/1973 | Varotio High Comissioner, Rajshahi | B 891.44108 VAV 1962 | 05/11/2016 | C-2 | Books | |||||
| Dewey Decimal Classification | Not For Loan | Non-fiction | Central Library, University of Rajshahi | Central Library, University of Rajshahi | Reading Room | 11/06/1965 | B 891.44108 VAV 1962 | 11/10/2021 | C-1 | Books | ||||
| Dewey Decimal Classification | Non-fiction | Central Library, University of Rajshahi | Central Library, University of Rajshahi | General Stacks | 11/06/1965 | Central Library, University of Rajshahi | B 891.44108 VAV 1962 | 20/11/2022 | C-3 | Books | ||||
| Dewey Decimal Classification | Non-fiction | Central Library, University of Rajshahi | Central Library, University of Rajshahi | General Stacks | 14/09/2025 | B 891.44108 VAV 1962 | 14/09/2025 | C-4 | Books |